00859nam a2200205 a 450000100100000000500170001000800410002702000150006804000250008308200180010810000350012624501070016126000460026830000210031450000800033565000520041565000520046795201170051999900170063600004413020201002045151.0100914s1974 sp r 000 0bspa d a8420427314 aDO-SdBNPbspacBNPHU a338.98bB734d1 aBoris Rofman, Alejandro94547910aDependencia, estructura de poder y formación regional en América Latina /cAlejandro Boris Rofman. aMéxico D. F. :bSiglo Veintiuno,c1974. a262 p. ;c17 cm. aIncluye notas y refencias bibliográficas y notas al pie de las páginas. 4aAmerica latinaxCondiciones económicas932299 4aAmérica latinaxPolítica económica945480 0010507-18MOaGRbGRcOId2014-05-16iLF1l0o338.98 B734dp44130-10r2020-06-25w2020-06-25y1ZNo se presta c43619d43619